| 000 | 01417nam0a22003371 4500 | ||
|---|---|---|---|
| 001 | rc\4399358 | ||
| 005 | 20260407062724.0 | ||
| 021 |
_aRU _b[58-51733] |
||
| 035 | _a(NLR Aleph) 008297725 | ||
| 090 |
_a8616256 _c8616256 |
||
| 100 | _a20130416d1958 |||y0rusy50 ca | ||
| 101 | 1 |
_arus _ckaz |
|
| 102 | _aRU | ||
| 105 | _aa z ||||| | ||
| 200 | 1 |
_aИзбранные произведения _e[Пер. с каз. _fВступ. статья Н. Смирновой и М. Сильченко, с. 7-24] _gДекада каз. искусства и литературы в Москве. 1958 |
|
| 210 |
_aАлма-Ата _cКазгослитиздат _d1958 |
||
| 215 |
_a532 с., 15 л. ил. _d21 |
||
| 300 | _aНа обороте тит. л. сост.: М. Гумарова, З. Жантекеева, О. Нурмагамбетова, Т. Сыдыков | ||
| 300 | _aПеред загл. авт.: Джамбул Джабаев | ||
| 700 | 0 |
_8rus _7ca _aДжамбул Джабаев _f1846-1945 _3RU\NLR\AUTH\7712905 _9122614 |
|
| 702 | 1 |
_aГумарова _bМ.Г. _4220 |
|
| 702 | 1 |
_aЖантекеева _bЗ. _4220 |
|
| 702 | 1 |
_aНурмагамбетова _bО. _4220 |
|
| 702 | 1 |
_aСильченко _bМ. _4080 |
|
| 702 | 1 |
_aСмирнова _bН. _4080 |
|
| 702 | 1 |
_aСыдыков _bТ. _4220 |
|
| 801 | 0 |
_aRU _bNLR _gpsbo |
|
| 801 | 1 |
_aRU _bELAR _2rusmarc |
|
| 852 |
_aNLR _j58-3/4377 |
||
| 942 | _cBOOK | ||
| 980 | _aNB | ||